LIBRARY & INFORMATION CENTRE, KCAET, TAVANUR

ONLINE PUBLIC ACCESS CATALOGUE (OPAC)

Development and performance evaluation of UTM operated Cococa butter extractor (Record no. 17405)

MARC details
000 -LEADER
fixed length control field 00494nam a22001697a 4500
003 - CONTROL NUMBER IDENTIFIER
control field OSt
082 ## - DEWEY DECIMAL CLASSIFICATION NUMBER
Classification number 631.56
Item number GAY/DE
088 ## - REPORT NUMBER
Report number P 505
100 ## - MAIN ENTRY--AUTHOR NAME
Personal name Gayathri Devi
100 ## - MAIN ENTRY--AUTHOR NAME
Personal name Gopika Subramanian
100 ## - MAIN ENTRY--AUTHOR NAME
Personal name Gouri Ganesh
245 ## - TITLE STATEMENT
Title Development and performance evaluation of UTM operated Cococa butter extractor
260 ## - PUBLICATION, DISTRIBUTION, ETC. (IMPRINT)
Place of publication KCAET,Tavanur
Name of publisher Departmnt of pricessing and food engineering
Year of publication 2021
300 ## - PHYSICAL DESCRIPTION
Number of Pages 56 p
700 ## - ADDED ENTRY--PERSONAL NAME
Personal name Rajesh G K(guide)
942 ## - ADDED ENTRY ELEMENTS (KOHA)
Koha item type Project Report
Holdings
Collection code Home library Current library Shelving location Full call number Accession Number Koha item type
Reference KAUAET KAUAET Reference 631.56 GAY/DE P 505 Project Report
free website counter